| 000 | 01153cab a2200229 4500 | ||
|---|---|---|---|
| 001 | ABS67461 | ||
| 008 | 040123n2004 000 0 eng u | ||
| 035 | _a(Sirsi) u124900 | ||
| 100 | _aJordan, S. | ||
| 245 | _aStratford City | ||
| 260 | _c2004 | ||
| 490 |
_aPlanning in London _v(48) January 2004, 17-21(5) |
||
| 520 | _aArticle one reports on the progress of the Channel Tunnel Rail Link (CTRL) focusing on Stratford International, one of the new intermediary CTRL stations and the Design Strategy for Stratford City a mixed use urban development scheme which is planned around CTRL and adjacent to Stratford town centre. Article two includes a report of research undertaken by Fiona Scott as a part time research associate at the Helen Hamlyn Research Centre entitled "InterchangeABLE" which investigated socially-inclusive design principles for urban interchanges focusing on Stratford as a transport interchange. | ||
| 590 | _aABS | ||
| 650 | _aTRANSPORT INTERCHANGE | ||
| 650 | _aSTRATFORD | ||
| 650 | _aCHANNEL TUNNEL RAIL LINK | ||
| 650 | _aMIXED-USE DEVELOPMENTS | ||
| 690 | _aREGENERATION | ||
| 700 | _aScott, F. | ||
| 942 | _n0 | ||
| 999 |
_c74068 _d74068 |
||